| 000 | 01191aab a2200253 i 4500 | ||
|---|---|---|---|
| 001 | 768714001 | ||
| 003 | CO-MdFUSB | ||
| 005 | 20240705091243.0 | ||
| 008 | 240705t1996 sz ||||| |||| 00| 0 eng d | ||
| 040 |
_bspa _cCO-MdFUSB |
||
| 041 | _aeng | ||
| 100 | 1 |
_aSabra, George _eautor |
|
| 245 | 1 | 0 |
_aGospel and cultures : _ba middle eastern perspective _c/ George Sabra |
| 520 | _aLa relación entre evangelio y cultura es esencial. No hay duda de la importancia vital y central de este tema para la Iglesia y la teología. A través de nuestras experiencias culturales, transmitimos y experimentamos el evangelio de diferentes maneras. A continuación, se ofrece algunas ideas sobre cómo mirar la relación entre el evangelio y la cultura en el contexto del Medio Oriente. | ||
| 546 | _aTexto en inglés. | ||
| 650 | 7 |
_aCristianismo y cultura _96959 |
|
| 650 | 7 |
_aTeología doctrinal _9179 |
|
| 650 | 0 |
_aProtestantismo _9947 |
|
| 650 | 0 |
_aEvangelización _9362 |
|
| 650 | 0 |
_aReforma de la iglesia _9958 |
|
| 773 | 0 |
_tReformed World _049396 _959536 _gVolumen 46, (número 1, 1996) páginas: 12 - 14 _qpágina: 12 |
|
| 942 | _cANA | ||
| 945 | _aCatherine Arias Álvarez - Practicante SENA | ||
| 999 |
_c55421 _d55421 |
||